Globalization and state transformation in China (Record no. 195678)

MARC details
000 -LEADER
fixed length control field 00759nam a2200229Ia 4500
008 - FIXED-LENGTH DATA ELEMENTS--GENERAL INFORMATION
fixed length control field 191130s2004##################000#0#eng##
020 ## - INTERNATIONAL STANDARD BOOK NUMBER
ISBN 9780521830508
082 ## - DEWEY DECIMAL CLASSIFICATION NUMBER
Classification number 330.951 ZHE
100 ## - MAIN ENTRY--AUTHOR NAME
Personal name Zheng, Yongnian
245 ## - TITLE STATEMENT
Title Globalization and state transformation in China
Statement of responsibility, etc Yongnian Zheng
260 ## - PUBLICATION, DISTRIBUTION, ETC. (IMPRINT)
Place of publication Cambridge
Name of publisher Cambridge University Press
Year of publication 2004
300 ## - PHYSICAL DESCRIPTION
Number of Pages xviii, 267 p. : ill. ; 24 cm
500 ## - GENERAL NOTE
General note Includes bibliographical references and index
650 ## - SUBJECT ADDED ENTRY--TOPICAL TERM
Topical Term Capitalism - Political aspects - China
Topical Term China - Economic policy - 1976-2000
Topical Term Globalization - Political aspects - China
991 ## -
-- 248427
Holdings
Withdrawn status Lost status Damaged status Not for loan Home library Current library Shelving location Date acquired Full call number Accession Number Price effective from Koha item type
        Anna Centenary Library Anna Centenary Library 4TH FLOOR, A WING 13.10.2020 330.951 ZHE 196728 13.10.2020 English Books

Find us on the map